Blitz: Does It Contain 'H'? Quiz Stats

 Plays Quiz Updated Aug 20, 2014

Support Sporcle.
Go Orange.
Score 0/80 Timer 01:00
1 Play Today
Word (Y)es or (N)o? % Correct
causal???
78.6%
convince???
78.4%
creator???
78.3%
potatoes???
78.3%
miracle???
78.3%
pastor???
78.2%
relevance???
78.2%
costly???
78.2%
climber???
78.2%
motions???
78.2%
phosphate???
78.1%
illusion???
78.1%
stupid???
78.1%
scientist???
78.1%
salaries???
78.1%
lonely???
78.1%
harsher???
78%
excellence???
78%
conspicuous???
78%
slipped???
78%
drivel???
78%
retention???
77.9%
utterly???
77.9%
lively???
77.9%
rocky???
77.9%
sincere???
77.9%
squares???
77.8%
prosecution???
77.7%
elimination???
77.7%
statute???
77.7%
computing???
77.7%
literary???
77.7%
qualitative???
77.7%
frame???
77.6%
anthropology???
77.6%
placement???
77.6%
prohibition???
77.6%
neighborhood???
77.6%
plainly???
77.5%
recommended???
77.5%
Word (Y)es or (N)o? % Correct
panicking???
77.4%
temporary???
77.4%
histories???
77.1%
hereafter???
77%
disturbance???
77%
ahead???
76.9%
birthday???
76.9%
prophets???
76.8%
piranha???
76.5%
overwhelming???
76.5%
arbitration???
76.3%
discharged???
76.3%
strength???
76.1%
structured???
76%
withdrawn???
75.8%
laughing???
75.7%
withdraw???
75.4%
hated???
75.3%
shear???
75.3%
alphabet???
75.2%
synthetic???
75.2%
physiology???
74.7%
purchase???
74.3%
southwest???
74.3%
metaphor???
73.7%
shield???
73.6%
atmospheric???
73.4%
haggle???
73.4%
chairs???
73.2%
warmth???
72.9%
shawl???
72.8%
delighted???
71.3%
monarchy???
71%
overweight???
70.1%
freight???
69.5%
bought???
69.3%
workshop???
68%
cheeky???
67.1%
checkmate???
65.6%
foolish???
60.4%

You're not logged in!

Compare scores with friends on all Sporcle quizzes.
OR
Log In

From the Vault

Revenge of the Remakes

by Thebiguglyalien

Has there ever been a remake that was better than the original?
Remove Ads.
Support Sporcle.
Get the best of Sporcle when you Go Orange. This ad-free experience offers more features, more stats, and more fun while also helping to support Sporcle. Thank you for becoming a member.

Show Comments

Extras

Top Quizzes Today


Score Distribution

Your Account Isn't Verified!

In order to create a playlist on Sporcle, you need to verify the email address you used during registration. Go to your Sporcle Settings to finish the process.

Report this User

Report this user for behavior that violates our Community Guidelines.

Details: